000 00825nas a2200289 4500
001 BR0103829
003 BR-BrBNA
005 20231205102407.0
007 ta
008 230509b bl.|||p| |||| 00| 00por d
040 _aBR-BrBNA
_bpor
_cBiblioteca Nacional de Agricultura
041 _a(Pt)
072 _aL73
100 1 _aPinheiro, R.R.
100 1 _aGouveia, A.M.G.
100 1 _aAlves, F.S.F.
245 1 _aPrevalencia da infeccao pelo virus da artrite encefalite caprina no Estado do Ceara, Brasil
650 _aCaprino
650 _aInfeccao
650 _aArtrite
650 _aEncefalite
650 _aVirus
650 _aCeara
773 0 _tCiencia Rural (Brazil)
_xISSN 0103-8478
_g(May-Jun 2001), v. 31(3) p. 449-454
_wBR0103829
909 _a202311
_bLúcia
_c55
_dLúcia Elande
942 _2AGRIS
_n0
_cANA
999 _c167346
_d167346